NBA Players with multiple 20 assists games. - Statistics

General Stats
  • This quiz has been taken 36 times
  • The average score is 13 of 30
Answer Stats
# of games Years active Team(s) Answer % Correct
34 1984-2003 UTA John Stockton
90%
8 1996-2014 PHO, DAL, LAL Steve Nash
90%
9 1981-1994 DET Isiah Thomas
87%
2 1960-1974 LAL Jerry West
87%
22 1979-1993 LAL Magic Johnson
87%
9 2006-active BOS, DAL, SAC, CHI, NOP, LAL Rajon Rondo
87%
4 2008-active OKC Russell Westbrook
87%
7 1987-2000 CLE, PHO Kevin Johnson
84%
2 1988-2004 SEA, DEN, SAS, HOU, GSW, DAL Avery Johnson
81%
4 2005-active NOH, LAC, HOU Chris Paul
81%
2 1994-2013 DAL, PHO, NJN, NYK Jason Kidd
81%
4 1960-1974 CIN, MIL Oscar Robertson
61%
6 2005-active UTA, NJN, BRK, DAL, CLE Deron Williams
45%
4 1986-1996 MIL, IND, ORL, WAS, PHI Scott Skiles
39%
2 1999-2016 CLE, LAC, DEN, PHI, POR, DEN, WAS, SAC, MIN, SAS Andre Miller
35%
2 1999-2012 CHA, NOH, GSW, LAC, CLE, NYK Baron Davis
26%
3 1972-1983 BAL, CAP, WAS, DET, NJN Kevin Porter
26%
4 1970-1984 CIN, KCO, NYN, BOS, MIL Nate "Tiny" Archibald
23%
2 1986-1998 SEA Nate McMillan
19%
3 1977-1989 LAL, SDC, LAC Norm Nixon
19%
2 1976-1990 HOU, GSW, WAS, SAS, MIL, SEA John Lucas
13%
2 1980-1990 SAS, NJN Johnny Moore
13%
3 1988-2005 NYK, SAS, POR, WAS, MIA, MIN, ORL, TOR, HOU Rod Strickland
13%
3 1994-2006 LAL, DEN, DAL, GSW, POR, SAS Nick Van Exel
10%
2 1958-1970 PHW, SFW, CHI, CIN, MIL Guy Rodgers
6%
2 1989-2001 MIA, BOS, MIL, NJN, LAC Sherman Douglas
6%
4 1988-2001 LAC, NYK, MIA, POR Gary Grant
3%
2 1979-1987 NYK, DAL, CLE, GSW, LAC Geoff Huston
3%
2 1997-2009 CLE, ATL, MEM, PHO, WAS, MIL, CHA, LAC, UTA Brevin Knight
0%
3 1983-1997 CHI, CLE, WAS, SAS, ATL, LAC, POR Ennis Whatley
0%
No matching quizzes found
Score Distribution
Percent of People with Each Score
Percentile by Number Answered
Your Score History
You have not taken this quiz